UBT Library

Fundamentals of human resource management / (Record no. 43635)

000 -LEADER
fixed length control field 00824cam a2200253 a 4500
001 - CONTROL NUMBER
control field 16328286
005 - DATE AND TIME OF LATEST TRANSACTION
control field 20180227083712.0
008 - FIXED-LENGTH DATA ELEMENTS--GENERAL INFORMATION
fixed length control field 100712s2011 nyua b 001 0 eng
010 ## - LIBRARY OF CONGRESS CONTROL NUMBER
LC control number 2010029454
020 ## - INTERNATIONAL STANDARD BOOK NUMBER
International Standard Book Number 9780073530468 (alk. paper)
020 ## - INTERNATIONAL STANDARD BOOK NUMBER
International Standard Book Number 0073530468 (alk. paper)
035 ## - SYSTEM CONTROL NUMBER
System control number (OCoLC)ocn496956006
040 ## - CATALOGING SOURCE
Original cataloging agency DLC
Transcribing agency DLC
Modifying agency YDX
-- BTCTA
-- YDXCP
-- DLC
041 ## - LANGUAGE CODE
Language code of text/sound track or separate title eng
080 ## - UNIVERSAL DECIMAL CLASSIFICATION NUMBER
Universal Decimal Classification number 658.3 NOE
082 00 - DEWEY DECIMAL CLASSIFICATION NUMBER
Classification number 658.3 NOE
Edition number 22
100 ## - Rafti
Rafti 52
101 ## - Shkurtesa
Shkurtesa BNJ
245 00 - TITLE STATEMENT
Title Fundamentals of human resource management /
Statement of responsibility, etc Raymond A. Noe ... [et al.].
504 ## - BIBLIOGRAPHY, ETC. NOTE
Bibliography, etc Includes bibliographical references and indexes.
906 ## - LOCAL DATA ELEMENT F, LDF (RLIN)
a 7
b cbc
c orignew
d 1
e ecip
f 20
g y-gencatlg
942 ## - ADDED ENTRY ELEMENTS (KOHA)
Source of classification or shelving scheme
Item type Books
Holdings
Withdrawn status Lost status Source of classification or shelving scheme Damaged status Not for loan Collection code Permanent location Current location Shelving location Date acquired Total Checkouts Full call number Barcode Date last seen Price effective from Koha item type
          Koleksioni i përgjithshem UBT - Lipjan UBT - Lipjan Koleksioni i përgjithshem 02/27/2018   658.3 NOE 002-3000231 02/27/2018 02/27/2018 Books
UBT Library © 2015-2024. All rights reserved University Education for Business and Technology